000 00237nam a2200097Ia 4500
008 190216s9999||||xx |||||||||||||| ||und||
100 _aHugh Dalton
245 0 _aPrinciples Of Public Finance
260 _bRoutledge & Kegan Paul
942 _cBK
999 _c9133
_d9133